Katalog Plus
Bibliothek der Frankfurt UAS
Bald neuer Katalog: sichern Sie sich schon vorab Ihre persönlichen Merklisten im Nutzerkonto: Anleitung.

Microeconomics for the Critical Mind

Titel: Microeconomics for the Critical Mind : Mainstream and Heterodox Analyses / by Fabio Petri
Verfasser:
Ausgabe: 1st ed. 2021
Veröffentlicht: Cham : Springer International Publishing, 2021
Umfang: 1 Online-Ressource (XXII, 1395 Seiten) : 276 illus., 37 illus. in color.
Format: E-Book
Sprache: Englisch
Mehrbändiges Werk: Classroom Companion: Economics
RVK-Notation:
Schlagworte:
Andere Ausgaben: Erscheint auch als Druck-Ausgabe: Petri, Fabio. Microeconomics for the Critical Mind. - Cham : Springer International Publishing, 2021
ISBN: 9783030620707 ; 3030620700 ; 978--303062069-1 ; 978--303062071-4
Buchumschlag
X
alg: 47967332
001A    $06055:01-06-21 
001B    $06055:16-03-26 $t17:45:28.000 
001D    $06055:01-06-21 
001U    $0utf8 
001X    $00 
002@    $0Oax 
002C    $aText $btxt $2rdacontent 
002D    $aComputermedien $bc $2rdamedia 
002E    $aOnline-Ressource $bcr $2rdacarrier 
003@    $0479673322 
004A    $A978-3-030-62070-7 
004A    $03-030-62070-0 
004E/04 $0SpringerNature-41170 $fSubject Collection Economics and Finance 
004E/04 $0SpringerNature-43720 $fSubject Collection Economics and Finance (R0) 
004O    $A978---303062069-1 $Sp 
004O    $A978---303062071-4 $Sp 
004P    $010.1007/978-3-030-62070-7 $SV31 
007A    $0479673322 $aHEB 
007I    $0Springer978-3-030-62070-7 
009P    $qtext/html $3Inhaltsverzeichnis $uhttp://scans.hebis.de/HEBCGI/show.pl?47967332_toc.html $mX:DE-He213 
009P    $qtext/html $3Ausführliche Beschreibung $uhttp://scans.hebis.de/HEBCGI/show.pl?47967332_aub.html $mX:DE-He213 
009Q    $SV31 $uhttps://doi.org/10.1007/978-3-030-62070-7 $xR 
010@    $aeng 
010E    $erda 
011@    $a2021 
017B    $aZDB-2-ECF 
017B    $aZDB-2-SXEF 
021A    $aMicroeconomics for the Critical Mind $dMainstream and Heterodox Analyses $hby Fabio Petri 
028A    $aPetri $BVerfasser $dFabio $4aut 
032@    $a1st ed. 2021 
033A    $pCham $nSpringer International Publishing 
033E    $pCham $nSpringer International Publishing AG 
034D    $a1 Online-Ressource (XXII, 1395 Seiten) 
034M    $a276 illus., 37 illus. in color. 
036G    $aClassroom Companion: Economics $x2662-2890 
039D    $aErscheint auch als $tMicroeconomics for the Critical Mind $dCham $eSpringer International Publishing $f2021 $z978-3-030-62069-1 $lPetri, Fabio $nDruck-Ausgabe 
044A    $aMicroeconomics $S#0 $N650 
044A    $aEconomics $S#0 $xHistory $N650 
044A    $aSchools of economics $S#0 $N650 
044A    $aMicroeconomics $S14 $N650 
044A    $aHistory of Economic Thought and Methodology $S24 $N650 
044A    $aHeterodox Economics $S24 $N650 
044K    $RWirtschaftstheorie $RVolkswirtschaftslehre $#Microeconomics $#Microéconomie $#Microeconomía $#Mikroökonomik $#Mikroökonomie $#Mikroökonomie $#Mikroökonomik $D20251120 $Ecgmnf $74039225-9 $8Mikroökonomie [Ts1] $9085106909 
045B    $a338.5 $eDDC23eng 
045Z    $D20251120 $Ecgmnf $8QC 100 [Tkv] $9411124374 

lok: 47967332 3
101B    $006-06-24 $t13:22:47.000 
101C    $006-06-24 
101U    $0utf8 
145S/01 $a008 

exp: 47967332 3 1 #EPN
201B/01 $027-07-21 $t13:05:09.000 
201C/01 $001-06-21 
201U/01 $0utf8 
203@/01 $01156283116 
204P/01 $010.1007/978-3-030-62070-7 $SV31 
208@/01 $a01-06-21 $bl 
209B/01 $a502 $x05 

lok: 47967332 5

exp: 47967332 5 1 #EPN
201B/01 $001-06-21 $t23:06:28.014 
201C/01 $001-06-21 
201U/01 $0utf8 
203@/01 $01156283124 
204P/01 $010.1007/978-3-030-62070-7 $SV31 
208@/01 $a01-06-21 $bl 

lok: 47967332 20

exp: 47967332 20 1 #EPN
201B/01 $001-06-21 $t23:06:28.017 
201C/01 $001-06-21 
201U/01 $0utf8 
203@/01 $01156283132 
204P/01 $010.1007/978-3-030-62070-7 $SV31 
208@/01 $a01-06-21 $bl 

lok: 47967332 21

exp: 47967332 21 1 #EPN
201B/01 $001-06-21 $t23:06:28.020 
201C/01 $001-06-21 
201U/01 $0utf8 
203@/01 $01156283140 
204P/01 $010.1007/978-3-030-62070-7 $SV31 
208@/01 $a01-06-21 $bl 

lok: 47967332 23

exp: 47967332 23 1 #EPN
201B/01 $001-06-21 $t23:06:28.022 
201C/01 $001-06-21 
201U/01 $0utf8 
203@/01 $01156283159 
204P/01 $010.1007/978-3-030-62070-7 $SV31 
208@/01 $a01-06-21 $bl 

lok: 47967332 204

exp: 47967332 204 1 #EPN
201B/01 $001-06-21 $t23:06:28.025 
201C/01 $001-06-21 
201U/01 $0utf8 
203@/01 $01156283167 
204P/01 $010.1007/978-3-030-62070-7 $SV31 
208@/01 $a01-06-21 $bl
LEADER 00000cam a22000002c 4500
001 479673322
003 DE-603
005 20260316174528.0
007 cr||||||||||||
008 210601s2021 xx |||| o| u00||u|eng c
020 |a 9783030620707 
020 |a 3030620700 
024 7 |a 10.1007/978-3-030-62070-7  |2 doi 
028 5 2 |a SpringerNature-41170 
028 5 2 |a SpringerNature-43720 
035 |a (DE-599)HEB479673322 
040 |a DE-603  |b ger  |c DE-603  |d DE-603  |e rda 
041 |a eng 
082 7 |a 338.5  |2 23/eng 
084 |a QC 100  |0 (DE-625)141244:  |0 (DE-603)411124374  |2 rvk 
100 1 |a Petri, Fabio  |e Verfasser  |4 aut 
245 0 0 |a Microeconomics for the Critical Mind  |b Mainstream and Heterodox Analyses  |c by Fabio Petri 
250 |a 1st ed. 2021 
264 1 |a Cham  |b Springer International Publishing  |c 2021 
264 2 |a Cham  |b Springer International Publishing AG 
300 |a 1 Online-Ressource (XXII, 1395 Seiten)  |b 276 illus., 37 illus. in color. 
336 |a Text  |b txt  |2 rdacontent 
337 |a Computermedien  |b c  |2 rdamedia 
338 |a Online-Ressource  |b cr  |2 rdacarrier 
490 0 |a Classroom Companion: Economics  |x 2662-2890 
650 7 |a Mikroökonomie  |0 (DE-588)4039225-9  |0 (DE-603)085106909  |2 gnd 
776 0 8 |i Erscheint auch als  |n Druck-Ausgabe  |a Petri, Fabio  |t Microeconomics for the Critical Mind  |d Cham : Springer International Publishing, 2021  |z 9783030620691 
776 1 |z 978--303062069-1 
776 1 |z 978--303062071-4 
856 |u https://doi.org/10.1007/978-3-030-62070-7  |x Resolving-System 
856 4 2 |m X:DE-He213  |q text/html  |u http://scans.hebis.de/HEBCGI/show.pl?47967332_toc.html  |3 Inhaltsverzeichnis 
856 4 2 |m X:DE-He213  |q text/html  |u http://scans.hebis.de/HEBCGI/show.pl?47967332_aub.html  |3 Ausführliche Beschreibung 
912 |a ZDB-2-ECF 
924 1 |9 603  |a (DE-603)1156283116  |b DE-603  |c HES  |d d 
924 1 |9 603  |a (DE-603)1156283124  |b DE-603  |c HES  |d d 
924 1 |9 603  |a (DE-603)1156283132  |b DE-603  |c HES  |d d 
924 1 |9 603  |a (DE-603)1156283140  |b DE-603  |c HES  |d d 
924 1 |9 603  |a (DE-603)1156283159  |b DE-603  |c HES  |d d 
924 1 |9 603  |a (DE-603)1156283167  |b DE-603  |c HES  |d d